[Event "ESP-ch Seniors 27th"]
[Site "Santa Susanna"]
[Date "2011.05.14"]
[Round "2"]
[White "Buxade Roca, Guillermo"]
[Black "Vilageliu Ceballos, Josep M"]
[Result "1/2-1/2"]
[WhiteElo "2173"]
[BlackElo "2047"]
[PlyCount "96"]
[EventDate "2011.05.13"]
[EventType "swiss"]
[EventRounds "9"]
[EventCountry "ESP"]
[SourceTitle "CBM 142 Extra"]
[Source "ChessBase"]
[SourceDate "2011.06.27"]
[SourceVersion "1"]
[SourceVersionDate "2011.06.27"]
[SourceQuality "1"]

1. e4 Nf6 2. Nc3 d5 3. exd5 Nxd5 4. Bc4 Be6 5. Qf3 c6 6. Nge2 Nc7 7. Bxe6 Nxe6 8. 0-0 g6 9. d3 Bg7 10. Re1 0-0 11. Be3 Na6 12. Rad1 Nb4 13. Rd2 Qa5 14. a3 Nd5 15. Nxd5 cxd5 16. d4 Rfd8 17. c3 Qb5 18. Ng3 a5 19. h4 Ra6 20. Rde2 Rf8 21. Bc1 Bf6 22. Qg4 Qd7 23. Nh5 a4 24. Nf4 Rc8 25. Nxe6 Rcc6 26. h5 Rxe6 27. hxg6 hxg6 28. Rxe6 Rxe6 29. Rxe6 Qxe6 30. Qxe6 fxe6 31. f4 Bh4 32. Kh2 Be1 33. Kh3 Kf7 34. Kg4 Kf6 35. Be3 Kg7 36. Kf3 Bh4 37. g3 Bf6 38. Ke2 Kf8 39. Kd3 Ke8 40. Kc2 b5 41. Kd2 Kd7 42. Kd3 Bg7 43. Ke2 Ke8 44. Kf3 Kf7 45. g4 Bf6 46. Bf2 Bg7 47. Bh4 Bf6 48. Bg3 Bg7 1/2-1/2

[Event "ESP-chT1 Once"]
[Site "Fuengirola"]
[Date "2009.11.27"]
[Round "6.2"]
[White "Vilageliu Ceballos, Josep M"]
[Black "Monmeneu Chulia, Vicente Juan"]
[Result "1/2-1/2"]
[WhiteElo "2093"]
[BlackElo "1956"]
[PlyCount "130"]
[EventDate "2009.11.22"]
[EventType "team-tourn"]
[EventRounds "7"]
[EventCountry "ESP"]
[SourceTitle "CBM 133 Extra"]
[Source "ChessBase"]
[SourceDate "2010.01.05"]
[SourceVersion "1"]
[SourceVersionDate "2010.01.05"]
[SourceQuality "1"]

1. e4 e6 2. d4 d5 3. e5 c5 4. c3 Qb6 5. Nf3 Nc6 6. a3 Nh6 7. b4 cxd4 8. cxd4 Nf5 9. Be3 f6 10. exf6 gxf6 11. Bd3 Nxe3 12. fxe3 Bh6 13. Qe2 Bd7 14. Nc3 Ne7 15. 0-0 0-0 16. Kh1 Ng6 17. Nd2 a5 18. b5 Qd6 19. Rf3 Rf7 20. Rg3 f5 21. Qh5 Bg7 22. Nf3 Bf6 23. Ng5 Bxg5 24. Qxg5 b6 25. h4 Kf8 26. Ne2 Qe7 27. Qh6+ Ke8 28. Rg5 Rc8 29. g4 Nf8 30. Nf4 fxg4 31. Re5 Rf6 32. Qh5+ Qf7 33. Nxd5 Rf2 34. Qxg4 Ng6 35. Bxg6 hxg6 36. Nf4 Rcc2 37. d5 Bc8 38. Rd1 Rh2+ 39. Kg1 Qf6 40. Qg5 Qxg5+ 41. Rxg5 exd5 42. Rxg6 Bf5 43. Rg2 Rhxg2+ 44. Nxg2 Be4 45. Nf4 Ra2 46. Nxd5 Bxd5 47. Rxd5 Rxa3 48. Kf2 Rb3 49. Kf3 a4 50. Rd4 a3 51. Ra4 Rxb5 52. Rxa3 Kf7 53. e4 Rh5 54. Kg4 Re5 55. Kf4 Rb5 56. Rc3 Rh5 57. Rh3 Kf6 58. Kg4 Re5 59. Kf4 Rh5 60. Kg4 Re5 61. Kf4 Rh5 62. Rh1 b5 63. Kg4 Re5 64. Re1 b4 65. h5 b3 1/2-1/2